| 000 | 01211cam a2200337 a 4500 | ||
|---|---|---|---|
| 001 | 12899228 | ||
| 003 | OSt | ||
| 005 | 20180117085951.0 | ||
| 008 | 020819s2001 enka b 001 0 eng d | ||
| 010 | _a 2002510786 | ||
| 020 | _a0387915923 | ||
| 035 | _a(OCoLC)ocm45565123 | ||
| 040 |
_aEQO _cEQO _dMBB _dDLC |
||
| 042 | _alccopycat | ||
| 050 | 0 | 0 |
_aBF141 _b.C47 2001 |
| 082 | 0 | 0 |
_a150 _221 |
| 100 | 1 |
_aChristensen, I. P. _q(Ian P.) |
|
| 245 | 1 | 0 |
_aInstant notes psychology / _cI.P. Christensen, H.L. Wagner, and M.S. Halliday. |
| 246 | 3 | 0 | _aPsychology |
| 260 |
_aOxford : _bBIOS Scientific; _aNew York : _bSpringer, _c2001. |
||
| 300 |
_avi, 313 p. : _bill. ; _c25 cm. |
||
| 440 | 0 | _aInstant notes series | |
| 504 | _aIncludes bibliographical references (p. [305]-308) and index. | ||
| 650 | 0 |
_aPsychology _vOutlines, syllabi, etc. |
|
| 700 | 1 | _aWagner, Hugh L. | |
| 700 | 1 |
_aHalliday, M. S. _q(M. Sebastian) |
|
| 906 |
_a7 _bcbc _ccopycat _d3 _encip _f20 _gy-gencatlg |
||
| 942 |
_2ddc _cBK |
||
| 999 |
_c2881 _d2881 |
||